Australian Universities - Statistics

General Stats
  • This quiz has been taken 360 times
  • The average score is 20 of 33
Answer Stats
Hint Answer % Correct
2 University of Melbourne
96%
3 University of Sydney
95%
4= University of New South Wales
89%
8 University of Adelaide
83%
7 University of Western Australia
82%
6 Monash University
81%
1 Australian National University
79%
4= University of Queensland
72%
19 University of Tasmania
67%
14 Royal Melbourne Institute of Technology
65%
17 Deakin University
64%
25= University of Canberra
63%
16 University of South Australia
63%
28 Victoria University
62%
12 University of Newcastle
61%
10 Macquarie University
59%
18 Griffith University
57%
11 University of Wollongong
56%
21 La Trobe University
55%
9 University of Technology Sydney
55%
13 Queensland University of Technology
54%
15 Curtin University
52%
20 James Cook University
52%
22= Bond University
50%
22= Flinders University
47%
25= Charles Darwin University
46%
31= Charles Sturt University
46%
29= University of New England
44%
29= University Western Sydney
44%
22= Swinburne University of Technology
43%
31= Edith Cowan University
39%
31= University of Southern Queensland
35%
25= Murdoch University
34%
No matching quizzes found
Score Distribution
Percent of People with Each Score
Percentile by Number Answered
Your Score History
You have not taken this quiz